Patrālī. (Record no. 56575)

MARC details
000 -LEADER
fixed length control field 00570cam a22002291 4500
001 - CONTROL NUMBER
control field sa 64001107
003 - CONTROL NUMBER IDENTIFIER
control field DLC
005 - DATE AND TIME OF LATEST TRANSACTION
control field 20260227112000.0
008 - FIXED-LENGTH DATA ELEMENTS--GENERAL INFORMATION
fixed length control field 890227s1963 xx 000 0 ben
010 ## - LIBRARY OF CONGRESS CONTROL NUMBER
LC control number sa 64001107
035 ## - SYSTEM CONTROL NUMBER
System control number (OCoLC)23571170
040 ## - CATALOGING SOURCE
Original cataloging agency DLC
Transcribing agency MiU
Modifying agency DLC
042 ## - AUTHENTICATION CODE
Authentication code premarc
050 00 - LIBRARY OF CONGRESS CALL NUMBER
Classification number DS481.G397
Item number A4 1960
100 1# - MAIN ENTRY--PERSONAL NAME
Personal name Ghose, Atulya,
Dates associated with a name 1904-
245 10 - TITLE STATEMENT
Title Patrālī.
260 ## - PUBLICATION, DISTRIBUTION, ETC.
Date of publication, distribution, etc. [1963]
300 ## - PHYSICAL DESCRIPTION
Extent 53 p.
Other physical details illus., port.
Dimensions 22 cm.
500 ## - GENERAL NOTE
General note In Bengali.
500 ## - GENERAL NOTE
General note Letters addressed to Mirā Datta.
700 1# - ADDED ENTRY--PERSONAL NAME
Personal name Datta, Mirā.

No items available.

Powered by Koha